Medical risk prediction models :with ties to machine learning

Saved in:
Bibliographic Details
Main Author: GERDS, Thomas A. KATTAN, Micheal W.
Format: Book
Language:English
Published: CRC Press 2021
Tags: Add Tag
No Tags, Be the first to tag this record!

MARC

LEADER 00000nam a22000007a 4500
008 240326b |||||||| |||| 00| 0 eng d
020 |a 9780367673734 
100 |a GERDS, Thomas A.  |a KATTAN, Micheal W. 
245 |a Medical risk prediction models  |b :with ties to machine learning  |c Thomas A. Gerds  |e Chapman and Hall/ CRC Biostatistics Series  |g xxi, 290p. 
260 |b CRC Press  |c 2021  |h Boca Raton, FL.  |i 702463  |i 702463  |l R850.G31  |m Medicine- Research 
500 |a It includes references and index 
942 |a lcc  |c BK  |e Adeyemo O.O.  |f 26/03/2024 
952 |0 0  |1 0  |2 lcc  |4 0  |6 R0850 G31  |7 0  |9 5001  |a ML  |b HOL  |c QZ  |d 2024-03-26  |l 0  |o R850.G31  |p 2024-0252  |r 2024-03-26 00:00:00  |t 702463  |w 2024-03-26  |y BK 
952 |0 0  |1 0  |2 lcc  |4 0  |6 R0850 G31  |7 0  |9 5002  |a HOL  |b HOL  |c QZ  |d 2024-03-26  |l 0  |o R850.G31  |p 2024-0253  |r 2024-03-26 00:00:00  |t 702464  |w 2024-03-26  |y BK 
999 |c 2482  |d 2482